Best Colleges in Boston Area - Statistics

General Stats
  • This quiz has been taken 101 times
  • The average score is 8 of 10
Answer Stats
Description Location Name % Correct
National Universities, #3 Cambridge, MA Harvard University
100%
National Universities, #2 Cambridge, MA Massachusetts Institute of Technology
99%
National Universities, #39 Chestnut Hill, MA Boston College
95%
National Universities, #43 Boston, MA Boston University
95%
National Universities, #53 Boston, MA Northeastern University
82%
National Universities, #40 Medford, MA Tufts University
79%
Liberal Arts Colleges, #4 Wellesley, MA Wellesley College
65%
Music School, unranked Boston, MA Berklee College of Music
52%
National Universities, #60 Waltham, MA Brandeis University
48%
Business School, unranked Wellesley, MA Babson College
37%
No matching quizzes found
Score Distribution
Percent of People with Each Score
Percentile by Number Answered
Your Score History
You have not taken this quiz